000 00545nam a2200169 4500
001 116441
003 ES-MaACL
005 20230906190716.0
007 t|
008 061121s1945 fr r ||||1| fre d
100 1 _aPauchou, Guy.
_989622
245 1 0 _aOradour-sur-Glane
_b: vision d'épouvante : ouvrage officiel /
_cGuy Pauchou, Dr. Pierre Masfraud.
260 _aLimoges [etc.] :
_bCharles-Lavauzelle,
_c1945.
300 _a206 p., 21 lám. :
_bil. ;
_c22 cm.
700 1 _aMasfraud, Pierre.
_978711
852 _aES-MaACL
_jC-4107
_bR.22084
999 _c116441
_d116441